000 00295nam a2200121Ia 4500
008 190216s9999||||xx |||||||||||||| ||und||
100 _aVimalaramarao
245 0 _aCurrent Prose For Better Learning
260 _bOrient Longman
_c1989
300 _a120p
650 _aEnglish Prose
942 _cBK
999 _c13183
_d13183